La educación primaria : plan de estudios y lineamientos de programas.

Uloženo v:
Podrobná bibliografie
Korporativní autor: Mexico Secretaría de Educación Pública
Médium: Kniha
Jazyk:španělština
Edice:(La educación elemental mexicana)
Témata:
Tagy: Přidat tag
Žádné tagy, Buďte první, kdo vytvoří štítek k tomuto záznamu!

MARC

LEADER 00000nam^a2200000^u^4500
001 000495893
005 20250521000000.0
008 060111s1000^^^^^^^^^^^^r^^^^^000^0^spa^d
009 20260310125559.272
022 |a 9682914280 
035 |a FCE 000039302 
037 |a Acervo ITESO - Biblioteca 
041 |a spa 
082 0 4 |a 372.972  |b MEXe 
110 |a Mexico  |b Secretaría de Educación Pública 
245 1 3 |a La educación primaria :  |b plan de estudios y lineamientos de programas. 
264 |a México :  |b SEP, SEB,  |c 1987. 
300 |a 171 p. 
336 |a texto  |b txt  |2 rdacontenido 
337 |a sin mediación  |b n  |2 rdamedio 
338 |a volumen  |b nc  |2 rdasoporte 
440 3 |a (La educación elemental mexicana) 
649 |a XX 
650 |a Plan de estudios 
650 |a Organización escolar 
650 |a Escuela pública 
650 |a Boletín 
650 |a Investigación educativa 
650 |a Políticas de educación 
910 |a Fondo Centro de Estudios Educativos 
920 |a Impresos - Libros 
930 |a Fondos Especiales 
905 |a 133 
901 |a ALE039357  |b IT2  |c CEE  |u 20250521 
902 |a https://opac.biblio.iteso.mx/vufind/Record/000495893